|
|
|
|
| LEADER |
00000nab a2200000 a 4500 |
| 001 |
vtls009297941 |
| 003 |
SK-MaSNL |
| 005 |
20260304151235.0 |
| 008 |
250506c2008 xo mr|p|||||||000 b|slo |
| 015 |
|
|
|a SNBRB2008/05
|2 snkbucl
|
| 035 |
|
|
|a (uuid)d395d2ee-d98b-4af3-a3fb-d726fd20e643
|
| 035 |
|
|
|a urn:nbn:sk:snk-ab251s
|
| 035 |
|
|
|a (urnnbn)urn:nbn:sk:snk:ar-a01o4k
|
| 038 |
|
|
|a SNKBUCL
|
| 040 |
|
|
|a SNKBUCL
|b slo
|c SNKBUCL
|e AACR2
|
| 041 |
0 |
|
|a slo
|
| 044 |
|
|
|a xo
|c SK
|
| 080 |
|
|
|a 336.744
|x (4)
|2 2001
|
| 080 |
|
|
|a 336.746/.747.1
|x (4)
|2 2001
|
| 080 |
|
|
|a 737
|x (4)
|2 2001
|
| 080 |
|
|
|a 766
|x (4)
|2 2001
|
| 100 |
1 |
|
|a Boskovičová, Rozália
|4 aut
|9 910850
|
| 245 |
1 |
0 |
|a Euro - spoločná európska mena
|c Rozália Boskovičová, Gabriel Schlosser
|
| 300 |
|
|
|b Obr., tab.
|
| 504 |
|
|
|a Bibliogr. odkazy
|
| 650 |
0 |
7 |
|a jednotná európska mena
|2 snkbucl
|9 28024
|
| 700 |
1 |
|
|a Schlosser, Gabriel
|4 aut
|9 420094
|
| 740 |
0 |
2 |
|a Dizajn bankoviek
|
| 740 |
0 |
2 |
|a Tlač bankoviek
|
| 740 |
0 |
2 |
|a Eurové bankovky a ich ochranné prvky
|
| 740 |
0 |
2 |
|a Eurové mince
|
| 740 |
0 |
2 |
|a Slovenské eurové mince
|
| 773 |
0 |
|
|t Biatec
|g Roč. 16, č. 4 (2008), s. 2-14
|x 1335-0900
|
| 850 |
|
|
|a Slovenská národná knižnica
|
| 852 |
|
|
|a Slovenská národná knižnica
|
| 954 |
|
|
|a odborná, vedecká literatúra pôvodná (slovenská)
|2 lita
|
| 958 |
|
|
|a article2022
|
| 958 |
|
|
|a NB
|
| 958 |
|
|
|a OND
|
| 958 |
|
|
|a EUIPO
|
| 999 |
|
|
|c 2942349
|d 2944279
|